000 00724nam a2200217 a 4500
003 PILC
005 20150112093432.0
008 100719s19uu xx 00 eng d
020 _a0304327298
050 _aTX 911.3.F75
_b.B35 1994
082 _aHSF 647.94068
_bB17 1994
100 _aBaker, Sue
_911029
245 _aPrinciples of hotel front office operations :
_ba study guide /
_cSue Baker, Pam Bradley and Jeremy Huyton
260 _aStrand, London :
_bCassell Wellington House,
_c1994.
300 _a289 pages :
_billustration ;
_c25 cm.
650 _aHotel front desk personnel
_912283
650 _aHotel management
_911048
700 _aBradley, Pam
_911032
700 _aHuyton, Jeremy
_911031
942 _2lcc
_cBK
999 _c14420
_d14420